Statistiken für Garrer vs. Narrer Charaktere

Klicken Sie hier um das Quiz zu spielen!

Allgemein

  • Dieses Quiz wurde 6 mal gespielt
  • Das Durchschnittsergebnis liegt bei 9 aus 12

Antwortstatistiken

Charakter% Korrekt
2Gutz Nehk
100%
1Lutz Nehk
100%
5Mensa-Man
83%
7Bruder Moss
67%
4Darter Kek
67%
10Die Möbis
67%
11General Geiz
67%
12Papst Fistus
67%
9Spacemarshall Gerriet
67%
3Zutz Nehk
67%
6Generalmajor Breu-ar-Breu
50%
8Noah Malz
50%

Verteilung der Resultate

Perzentil nach korrekt beantworteten Fragen

Anzahl Personen mit jedem Resultat

Ihre Resultats-Entwicklung

Sie haben dieses Quiz noch nicht gespielt